LEADER 03035oas 2201189 a 450 001 9910143002903321 005 20260127110522.0 011 $a1365-2788 035 $a(DE-599)ZDB2006878-5 035 $a(OCoLC)45183036 035 $a(CONSER) 00242242 035 $a(CKB)954925581150 035 $a(DE-599)2006878-5 035 $a(EXLCZ)99954925581150 100 $a20001017a19929999 sy 101 0 $aeng 135 $aurun||||||||| 181 $ctxt$2rdacontent 182 $cc$2rdamedia 183 $acr$2rdacarrier 200 00$aJournal of intellectual disability research 210 $a[Oxford, England] $cBlackwell Science 215 $a1 online resource 300 $aRefereed/Peer-reviewed 311 08$a0964-2633 517 1 $aJIDR 531 0 $aJIDR, J. intellect. disabil. res. 606 $aIntellectual disability$xResearch$vPeriodicals 606 $aIntellectual Disability 606 $aMental Disorders 606 $aDevelopmental Disabilities$2ebps 606 $aIntellectual disability$xResearch$2fast$3(OCoLC)fst01016646 606 $aRecherche$2rasuqam 606 $aHandicap intellectuel$2rasuqam 608 $aPeriodical. 608 $aPeriodicals.$2fast 608 $aPeriodicals.$2lcgft 608 $aPe?riodique e?lectronique (Descripteur de forme)$2rasuqam 608 $aRessource Internet (Descripteur de forme)$2rasuqam 615 0$aIntellectual disability$xResearch 615 2$aIntellectual Disability. 615 2$aMental Disorders. 615 7$aDevelopmental Disabilities. 615 7$aIntellectual disability$xResearch. 615 7$aRecherche. 615 17$aHandicap intellectuel. 676 $a616.8588 712 02$aRoyal Society for Mentally Handicapped Children and Adults, 712 02$aInternational Association for the Scientific Study of Intellectual Disabilities, 801 0$bMYG 801 1$bMYG 801 2$bOCLCQ 801 2$bF#A 801 2$bOCLCQ 801 2$bDLC 801 2$bPIT 801 2$bVRC 801 2$bUQ1 801 2$bOCLCQ 801 2$bOCLCF 801 2$bOCLCQ 801 2$bNLGGC 801 2$bOCLCQ 801 2$bWT2 801 2$bOCLCQ 801 2$bOCLCO 801 2$bOCLCQ 801 2$bOCLCA 801 2$bBUF 801 2$bOCLCQ 801 2$bOCLCA 801 2$bKSU 801 2$bOCLCO 801 2$bOCL 801 2$bOCLCQ 801 2$bLHU 801 2$bTOF 801 2$bAU@ 801 2$bOCLCO 801 2$bWYU 801 2$bU3W 801 2$bOCLCQ 801 2$bVT2 801 2$bOCLCO 801 2$bNJT 801 2$bSFB 801 2$bOCLCO 801 2$bOCLCA 801 2$bOCLCQ 801 2$bOCLCA 801 2$bLDP 801 2$bCNMTR 801 2$bSRU 801 2$bUBY 801 2$bOCLCQ 801 2$bCUS 801 2$bOCLCL 801 2$bOCLCQ 906 $aJOURNAL 912 $a9910143002903321 996 $aJournal of intellectual disability research$92132564 997 $aUNINA